[Event "GER-ch U18"]
[Site "Willingen"]
[Date "2020.10.21"]
[Round "3"]
[White "Stelmaszyk, Nico"]
[Black "Lange, Jannis"]
[Result "1-0"]
[WhiteElo "2301"]
[BlackElo "2126"]
[PlyCount "75"]
[EventDate "2020.10.19"]
[EventType "swiss"]
[EventRounds "7"]
[EventCountry "GER"]
[SourceTitle "EXT 2022"]
[Source "ChessBase"]
[SourceDate "2021.10.06"]
[SourceVersion "1"]
[SourceVersionDate "2021.10.06"]
[SourceQuality "1"]

1. e4 c5 2. Nf3 Nc6 3. Nc3 e5 4. Bc4 Be7 5. d3 d6 6. 0-0 Nf6 7. Ng5 0-0 8. f4 Bg4 9. Qe1 exf4 10. Bxf4 Bh5 11. Qd2 Nd7 12. Nf3 Bxf3 13. gxf3 Nde5 14. Bb3 Bf6 15. Nd5 Ng6 16. c3 Nxf4 17. Qxf4 Bg5 18. Qg3 Bh4 19. Qh3 Kh8 20. Kh1 a5 21. a4 g5 22. Qf5 Ne5 23. d4 cxd4 24. cxd4 Ng6 25. Rac1 Rc8 26. Rcd1 Rc6 27. Rg1 f6 28. Qh3 Qc8 29. Qf1 Qd7 30. Bc4 Qc8 31. Bd3 Kg7 32. f4 Qd8 33. f5 Ne7 34. Nf4 Qb6 35. Ne6+ Kf7 36. Qe2 Ke8 37. Bb5 Rf7 38. d5 1-0

[Event "Mecklenburg VP Verbandsliga 2021"]
[Site "Mecklenburg VP"]
[Date "2020.10.18"]
[Round "2.1"]
[White "Lange, Jannis"]
[Black "Hamann, Dirk"]
[Result "1-0"]
[WhiteElo "2126"]
[BlackElo "1987"]
[PlyCount "69"]
[EventDate "2020.09.27"]
[EventType "team-tourn"]
[EventRounds "9"]
[EventCountry "GER"]
[SourceTitle "EXT 2024"]
[Source "ChessBase"]
[SourceDate "2023.10.10"]
[SourceVersion "1"]
[SourceVersionDate "2023.10.10"]
[SourceQuality "1"]
[WhiteTeam "Greifswald"]
[BlackTeam "Turbine Rostock"]
[WhiteTeamCountry "GER"]
[BlackTeamCountry "GER"]

1. e4 Nf6 2. e5 Nd5 3. d4 d6 4. Nf3 g6 5. Be2 Bg7 6. 0-0 0-0 7. c4 Nb6 8. Nc3 Nc6 9. exd6 exd6 10. Bg5 f6 11. Be3 Kh8 12. Qd2 Bg4 13. b3 d5 14. c5 Nc8 15. b4 N8e7 16. b5 Nb8 17. h3 Bxf3 18. Bxf3 c6 19. Rfe1 Nd7 20. Bf4 g5 21. Bd6 Re8 22. Bh5 Ng6 23. Rxe8+ Qxe8 24. Re1 Qd8 25. Qc2 Ndf8 26. Bxf8 Nxf8 27. Re8 Qxe8 28. Bxe8 Rxe8 29. bxc6 bxc6 30. Qa4 Re1+ 31. Kh2 f5 32. Qxc6 Bxd4 33. Nxd5 g4 34. Qc8 g3+ 35. Kxg3 1-0

[Event "GER-chT Lands U20"]
[Site "Berlin"]
[Date "2020.10.02"]
[Round "5.6"]
[White "Milare, Tyron"]
[Black "Lange, Jannis"]
[Result "0-1"]
[WhiteElo "2176"]
[BlackElo "2126"]
[PlyCount "84"]
[EventDate "2020.09.29"]
[EventType "team-swiss"]
[EventRounds "7"]
[EventCountry "GER"]
[SourceTitle "CBM 198 Extra"]
[Source "ChessBase"]
[SourceDate "2020.11.30"]
[SourceVersion "1"]
[SourceVersionDate "2020.11.30"]
[SourceQuality "1"]
[WhiteTeam "Brandenburg U20"]
[BlackTeam "Mecklenburg Vorpommern U20"]
[WhiteTeamCountry "GER"]
[BlackTeamCountry "GER"]

1. d4 Nf6 2. Nf3 g6 3. c4 Bg7 4. Nc3 d5 5. cxd5 Nxd5 6. e4 Nxc3 7. bxc3 c5 8. Be3 Qa5 9. Qd2 0-0 10. Rc1 Rd8 11. d5 Nc6 12. Bd3 Bg4 13. c4 Nb4 14. 0-0 Bxf3 15. gxf3 Qxa2 16. Qxa2 Nxa2 17. Rb1 b6 18. Bd2 Rab8 19. Bf4 Nb4 20. Bxb8 Rxb8 21. Rxb4 cxb4 22. Bc2 Be5 23. Kg2 Rc8 24. Bb3 Rc5 25. f4 Bxf4 26. Ra1 a5 27. h3 Kg7 28. Kf3 Be5 29. Ra2 Kf6 30. Ke3 g5 31. Kd3 b5 32. Rc2 a4 33. cxb5 Rxc2 34. Bxc2 b3 35. Bd1 Bc7 36. Kc4 b2 37. Bc2 a3 38. Bb1 Ke5 39. Kc5 h5 40. b6 Bd6+ 41. Kb5 g4 42. hxg4 h4 0-1

[Event "Bunratty Masters 27th"]
[Site "Bunratty"]
[Date "2020.02.22"]
[Round "2"]
[White "Fehr, Jukka"]
[Black "Lange, Jannis"]
[Result "0-1"]
[WhiteElo "1976"]
[BlackElo "2126"]
[PlyCount "106"]
[EventDate "2020.02.21"]
[EventType "swiss"]
[EventRounds "6"]
[EventCountry "IRL"]
[SourceTitle "EXT 2023"]
[Source "ChessBase"]
[SourceDate "2022.10.05"]
[SourceVersion "1"]
[SourceVersionDate "2022.10.05"]
[SourceQuality "1"]

1. c4 Nf6 2. Nc3 d5 3. cxd5 Nxd5 4. e4 Nxc3 5. dxc3 Qxd1+ 6. Kxd1 e5 7. Be3 Be6 8. Kc2 Nd7 9. Nf3 f6 10. Nd2 Bc5 11. Bxc5 Nxc5 12. b4 Nd7 13. Bc4 Ke7 14. Rhd1 Rhc8 15. Bd5 Bxd5 16. exd5 c6 17. Ne4 cxd5 18. Rxd5 Nb6 19. Rc5 Nd7 20. Rxc8 Rxc8 21. Rd1 Rc6 22. b5 Rc7 23. Kb3 g6 24. Kb4 f5 25. Nd6 e4 26. Nc4 Nc5 27. b6 axb6 28. Ne5 Ke6 29. f4 exf3 30. Nxf3 Ne4 31. Nd4+ Ke5 32. Nb5 Rf7 33. g3 Nc5 34. Re1+ Kf6 35. Rd1 Kg5 36. Nd6 Rd7 37. Rd4 Rc7 38. h4+ Kh5 39. Ne8 Rf7 40. Nd6 Re7 41. Nc4 Re4 42. Nxb6 Ne6 43. Rxe4 fxe4 44. Nd7 Kg4 45. Nf6+ Kf3 46. Nd5 e3 47. Nxe3 Kxe3 48. g4 Nf4 49. c4 Kd4 50. Kb5 Nd3 51. a4 Nc5 52. a5 h6 53. h5 g5 0-1

[Event "Oberliga Nord O 1920"]
[Site "Germany"]
[Date "2020.01.18"]
[Round "6.7"]
[White "Schulz, Norbert"]
[Black "Lange, Jannis"]
[Result "0-1"]
[WhiteElo "2080"]
[BlackElo "2042"]
[PlyCount "54"]
[EventDate "2019.09.29"]
[EventType "team-tourn"]
[EventRounds "9"]
[EventCountry "GER"]
[SourceTitle "CBM 195 Extra"]
[Source "ChessBase"]
[SourceDate "2020.05.31"]
[SourceVersion "1"]
[SourceVersionDate "2020.05.31"]
[SourceQuality "1"]

1. d4 Nf6 2. c4 g6 3. Nc3 d5 4. Bg5 Ne4 5. Bh4 Nxc3 6. bxc3 dxc4 7. e3 Be6 8. Qb1 b6 9. Nf3 Bg7 10. Be2 0-0 11. 0-0 c5 12. Ng5 Bd5 13. Rd1 cxd4 14. cxd4 h6 15. Nf3 Qc8 16. a4 Qe6 17. a5 Nd7 18. Rc1 Rfb8 19. Bg3 Rc8 20. Qb4 g5 21. Nd2 bxa5 22. Rxa5 Nb6 23. Rc5 Bxd4 24. Ra5 Bxe3 25. fxe3 Qxe3+ 26. Bf2 Qxe2 27. Bxb6 Qxg2# 0-1

[Event "GER-chT Lands U20"]
[Site "Wuerzburg"]
[Date "2019.10.04"]
[Round "4.8"]
[White "Koelle, Tobias"]
[Black "Lange, Jannis"]
[Result "1/2-1/2"]
[WhiteElo "2275"]
[BlackElo "2080"]
[PlyCount "83"]
[EventDate "2019.10.01"]
[EventType "team-swiss"]
[EventRounds "7"]
[EventCountry "GER"]
[SourceTitle "EXT 2020"]
[Source "ChessBase"]
[SourceDate "2019.10.17"]
[SourceVersion "1"]
[SourceVersionDate "2019.10.17"]
[SourceQuality "1"]
[WhiteTeam "Wuerttemberg"]
[BlackTeam "Mecklenburg Vorpommern"]
[WhiteTeamCountry "GER"]
[BlackTeamCountry "GER"]

1. d4 Nf6 2. c4 g6 3. Nc3 d5 4. cxd5 Nxd5 5. e4 Nxc3 6. bxc3 Bg7 7. Qa4+ Nd7 8. Nf3 a6 9. Be2 0-0 10. 0-0 b5 11. Qc2 c5 12. d5 Nb6 13. Rb1 Na4 14. Bd2 Qa5 15. Rfc1 Bg4 16. h3 Bxf3 17. Bxf3 c4 18. g3 e6 19. h4 exd5 20. exd5 Rad8 21. h5 Nb6 22. Bg5 Rd7 23. d6 Na4 24. Be7 Nxc3 25. Bxf8 Kxf8 26. h6 Be5 27. Re1 f6 28. Rbc1 b4 29. Be4 Kf7 30. Qd2 Rxd6 31. Qe3 Qb6 32. Qf3 Rd2 33. Re3 Bd4 34. Bd5+ Kf8 35. Be6 Rxf2 36. Kxf2 Qxe6 37. Qa8+ Ke7 38. Qb7+ Kd8 39. Qb8+ Kd7 40. Qb7+ Kd8 41. Qb8+ Kd7 42. Qb7+ 1/2-1/2

[Event "Rostock SSC op 18th"]
[Site "Rostock"]
[Date "2019.08.09"]
[Round "4"]
[White "Stern, Rene"]
[Black "Lange, Jannis"]
[Result "1-0"]
[WhiteElo "2526"]
[BlackElo "2047"]
[PlyCount "67"]
[EventDate "2019.08.07"]
[EventType "swiss"]
[EventRounds "7"]
[EventCountry "GER"]
[SourceTitle "EXT 2020"]
[Source "ChessBase"]
[SourceDate "2019.10.17"]
[SourceVersion "1"]
[SourceVersionDate "2019.10.17"]
[SourceQuality "1"]

1. Nf3 Nf6 2. c4 g6 3. Nc3 d5 4. e3 Bg7 5. Qb3 dxc4 6. Bxc4 0-0 7. d4 a6 8. 0-0 b5 9. Be2 Nbd7 10. Qc2 Bb7 11. b4 Ne8 12. a4 c6 13. Rd1 e5 14. Nxe5 Nxe5 15. dxe5 Qe7 16. f4 f6 17. axb5 cxb5 18. Bxb5 axb5 19. Rxa8 Bxa8 20. Qa2+ Kh8 21. Qxa8 fxe5 22. Nd5 Qf7 23. Qc6 g5 24. Qxb5 exf4 25. exf4 gxf4 26. Bxf4 Nf6 27. Nxf6 Qxf6 28. g3 Qc3 29. Qc5 Qf3 30. Qd5 Qg4 31. Be5 Bxe5 32. Qxe5+ Kg8 33. Qd5+ Rf7 34. Rf1 1-0

[Event "Rostock SSC op 18th"]
[Site "Rostock"]
[Date "2019.08.07"]
[Round "2"]
[White "Fromm, Johannes"]
[Black "Lange, Jannis"]
[Result "0-1"]
[WhiteElo "1676"]
[BlackElo "2047"]
[PlyCount "50"]
[EventDate "2019.08.07"]
[EventType "swiss"]
[EventRounds "7"]
[EventCountry "GER"]
[SourceTitle "EXT 2020"]
[Source "ChessBase"]
[SourceDate "2019.10.17"]
[SourceVersion "1"]
[SourceVersionDate "2019.10.17"]
[SourceQuality "1"]

1. Nf3 Nf6 2. g3 g6 3. b3 Bg7 4. Bb2 0-0 5. Bg2 d5 6. 0-0 c5 7. c4 d4 8. e3 Nc6 9. a3 e5 10. b4 e4 11. Ng5 Re8 12. Qb3 h6 13. Nh3 Ne5 14. exd4 cxd4 15. Nf4 g5 16. Ne2 Be6 17. d3 exd3 18. Nxd4 Bxc4 19. Qa4 d2 20. Rd1 Nd3 21. Bc3 Nd5 22. Bxd5 Qxd5 23. Nxd2 Bxd4 24. Nxc4 Bxf2+ 25. Kf1 Qh1# 0-1

[Event "GER-ch U18"]
[Site "Willingen"]
[Date "2019.06.12"]
[Round "6"]
[White "Engel, Robert"]
[Black "Lange, Jannis"]
[Result "1-0"]
[WhiteElo "2067"]
[BlackElo "2024"]
[PlyCount "101"]
[EventDate "2019.06.09"]
[EventType "swiss"]
[EventRounds "9"]
[EventCountry "GER"]
[SourceTitle "CBM 190 Extra"]
[Source "ChessBase"]
[SourceDate "2019.07.15"]
[SourceVersion "1"]
[SourceVersionDate "2019.07.15"]
[SourceQuality "1"]

1. e4 c5 2. Nf3 Nc6 3. Bb5 g6 4. Bxc6 dxc6 5. d3 Bg7 6. h3 Nf6 7. Nc3 0-0 8. Be3 b6 9. 0-0 Ne8 10. Qd2 e5 11. Bh6 Qd6 12. Nh2 f6 13. Ne2 g5 14. Bxg7 Nxg7 15. Ng4 Bxg4 16. hxg4 Qd7 17. f3 h5 18. gxh5 Nxh5 19. Qc3 Nf4 20. Qc4+ Kg7 21. Ng3 Kg6 22. Kf2 Qd4+ 23. Qxd4 cxd4 24. Nf5 Kf7 25. g3 Ne6 26. a4 Ng7 27. Nxg7 Kxg7 28. c4 dxc3 29. bxc3 Rad8 30. Ke3 Rd6 31. d4 Rfd8 32. Rad1 Kf7 33. f4 gxf4+ 34. gxf4 exf4+ 35. Rxf4 Ke7 36. Rh1 Ke6 37. Rh6 Rf8 38. e5 Rd7 39. Rhxf6+ Rxf6 40. Rxf6+ Kd5 41. Kd3 b5 42. axb5 cxb5 43. Ra6 Rd8 44. Rxa7 Rh8 45. Rd7+ Kc6 46. Rd6+ Kc7 47. Kc2 Ra8 48. Rd5 Kb6 49. e6 Re8 50. Re5 Kc6 51. Kb3 1-0

[Event "GER-ch U18"]
[Site "Willingen"]
[Date "2019.06.11"]
[Round "4"]
[White "Lange, Jannis"]
[Black "Wendler, David"]
[Result "1-0"]
[WhiteElo "2024"]
[BlackElo "2166"]
[PlyCount "77"]
[EventDate "2019.06.09"]
[EventType "swiss"]
[EventRounds "9"]
[EventCountry "GER"]
[SourceTitle "CBM 190 Extra"]
[Source "ChessBase"]
[SourceDate "2019.07.15"]
[SourceVersion "1"]
[SourceVersionDate "2019.07.15"]
[SourceQuality "1"]

1. e4 c5 2. Nf3 Nc6 3. d4 cxd4 4. Nxd4 Nf6 5. Nc3 g6 6. Be3 Bg7 7. Bc4 0-0 8. Bb3 d6 9. f3 Bd7 10. Qd2 Nxd4 11. Bxd4 b5 12. 0-0 a5 13. a4 b4 14. Nd5 Nxd5 15. exd5 Bxd4+ 16. Qxd4 Rc8 17. Rfe1 Rc5 18. Re2 Re8 19. Rae1 Bf5 20. g4 Bd7 21. h4 f6 22. g5 Kf7 23. Rxe7+ Rxe7 24. Qxf6+ Ke8 25. Qh8+ Kf7 26. Qxh7+ Kf8 27. Qh8+ Kf7 28. Qf6+ Ke8 29. Qxg6+ Kf8 30. Qf6+ Ke8 31. Qh8+ Kf7 32. Qxd8 Rxe1+ 33. Kf2 Re8 34. Qxd7+ Re7 35. g6+ Kf8 36. Qd8+ Re8 37. Qf6+ Kg8 38. Qf7+ Kh8 39. Qh7# 1-0

[Event "Mecklenburg VP-ch MT"]
[Site "Greifswald"]
[Date "2019.04.15"]
[Round "6.3"]
[White "Lange, Jannis"]
[Black "Schmidt, Peter2222"]
[Result "1/2-1/2"]
[WhiteElo "2036"]
[BlackElo "2108"]
[PlyCount "99"]
[EventDate "2019.04.13"]
[EventType "swiss"]
[EventRounds "7"]
[EventCountry "GER"]
[SourceTitle "EXT 2023"]
[Source "ChessBase"]
[SourceDate "2022.10.05"]
[SourceVersion "1"]
[SourceVersionDate "2022.10.05"]
[SourceQuality "1"]

1. Nf3 g6 2. g3 Bg7 3. d4 d6 4. Bg2 f5 5. 0-0 Nf6 6. b3 0-0 7. Bb2 c6 8. c4 Qe8 9. Nbd2 h6 10. Re1 Qf7 11. h3 Na6 12. a3 g5 13. e4 fxe4 14. Nxe4 Nxe4 15. Rxe4 Bf5 16. Re3 g4 17. hxg4 Bxg4 18. Qe1 Rae8 19. Nh2 Bh5 20. Bh3 Nc7 21. Bd7 e6 22. Bxe8 Rxe8 23. Bc3 b6 24. Ra2 Rf8 25. f4 Bg6 26. Rf2 Qf5 27. g4 Qb1 28. Qxb1 Bxb1 29. Nf1 d5 30. Ng3 dxc4 31. bxc4 b5 32. f5 bxc4 33. fxe6 Re8 34. Re1 Nd5 35. Ba1 c3 36. Rxb1 Bxd4 37. Nf5 Bxf2+ 38. Kxf2 Rxe6 39. Rc1 Re4 40. Bxc3 Kh7 41. Bd2 Rxg4 42. Rxc6 Rg6 43. Rxg6 Kxg6 44. Nxh6 Nb6 45. Ng4 Nc4 46. Bc1 Kf5 47. Nh2 Ke4 48. Ke2 Kd4 49. Nf3+ Kc3 50. Kd1 1/2-1/2

[Event "Mecklenburg VP-ch MT"]
[Site "Greifswald"]
[Date "2019.04.13"]
[Round "1.6"]
[White "Schmidt, Arne"]
[Black "Lange, Jannis"]
[Result "0-1"]
[WhiteElo "1629"]
[BlackElo "2036"]
[PlyCount "92"]
[EventDate "2019.04.13"]
[EventType "swiss"]
[EventRounds "7"]
[EventCountry "GER"]
[SourceTitle "EXT 2023"]
[Source "ChessBase"]
[SourceDate "2022.10.05"]
[SourceVersion "1"]
[SourceVersionDate "2022.10.05"]
[SourceQuality "1"]

1. Nf3 Nf6 2. g3 g6 3. Bg2 Bg7 4. 0-0 0-0 5. c4 c6 6. Nc3 d5 7. d4 Ne4 8. Qb3 Nxc3 9. bxc3 dxc4 10. Qxc4 Nd7 11. a4 Qa5 12. Ba3 Re8 13. Bb4 Qh5 14. a5 a6 15. Rfd1 e5 16. e3 e4 17. Nd2 Nf6 18. Qc5 Qh6 19. h4 Bf5 20. Nc4 Red8 21. Nd6 Bg4 22. Qc4 Rd7 23. Rdb1 Bf3 24. Bc5 Ng4 25. Rxb7 Rxb7 26. Nxb7 g5 27. Nd6 Qg6 28. d5 gxh4 29. Nxe4 Ne5 30. Qa4 cxd5 31. Nd2 Bxg2 32. Kxg2 Qd3 33. Qd4 hxg3 34. Kxg3 Qe2 35. Qxd5 Qg4+ 36. Kh2 Qh4+ 37. Kg2 Rd8 38. Qe4 Qg5+ 39. Kf1 Rxd2 40. f4 Qh4 41. Qa8+ Rd8 42. Qg2 Ng4 43. Ke2 Qh5 44. Bd4 Bxd4 45. cxd4 Kh8 46. Kd3 Qb5+ 0-1

[Event "Mecklenburg VP VL1819"]
[Site "Mecklenburg VP"]
[Date "2019.03.24"]
[Round "8.3"]
[White "Van Bentum, Horst"]
[Black "Lange, Jannis"]
[Result "1/2-1/2"]
[WhiteElo "1945"]
[BlackElo "1840"]
[PlyCount "87"]
[EventDate "2018.10.21"]
[EventType "team-tourn"]
[EventRounds "9"]
[EventCountry "GER"]
[SourceTitle "EXT 2022"]
[Source "ChessBase"]
[SourceDate "2021.10.06"]
[SourceVersion "1"]
[SourceVersionDate "2021.10.06"]
[SourceQuality "1"]
[WhiteTeam "Graal Mueritz"]
[BlackTeam "Greifswald II"]
[WhiteTeamCountry "GER"]
[BlackTeamCountry "GER"]

1. e4 c5 2. Nf3 Nc6 3. Bb5 g6 4. 0-0 Bg7 5. Re1 e5 6. Bxc6 dxc6 7. d3 Qe7 8. Bg5 Nf6 9. Qd2 h6 10. Bxf6 Qxf6 11. Qe3 b6 12. Nbd2 0-0 13. a4 Qf4 14. a5 Be6 15. b3 Qxe3 16. Rxe3 b5 17. Ree1 Rfd8 18. Kf1 Bf6 19. h3 h5 20. h4 Bg7 21. Ke2 Rd6 22. Red1 Rad8 23. Ne1 Bh6 24. Ndf3 Bg4 25. c4 f5 26. Nc2 fxe4 27. dxe4 Bd2 28. Ne3 Bc3 29. Rxd6 Rxd6 30. Ra2 a6 31. Nxg4 hxg4 32. Nh2 Rd4 33. cxb5 cxb5 34. Nxg4 Rxe4+ 35. Ne3 Rxh4 36. Nd5 Bd4 37. Nc7 Rh7 38. Nxa6 Rb7 39. Rc2 Ra7 40. Nxc5 Rxa5 41. Kd3 Kf7 42. Ke4 b4 43. Na4 Rb5 44. f3 1/2-1/2

[Event "Mecklenburg VP-ch U18"]
[Site "Malchow"]
[Date "2019.02.06"]
[Round "7.2"]
[White "Troemer, Axel"]
[Black "Lange, Jannis"]
[Result "0-1"]
[WhiteElo "1381"]
[BlackElo "1984"]
[PlyCount "62"]
[EventDate "2019.02.02"]
[EventType "swiss"]
[EventRounds "7"]
[EventCountry "GER"]
[SourceTitle "EXT 2022"]
[Source "ChessBase"]
[SourceDate "2021.10.06"]
[SourceVersion "1"]
[SourceVersionDate "2021.10.06"]
[SourceQuality "1"]

1. e4 c5 2. c3 Nf6 3. e5 Nd5 4. Nf3 Nc6 5. d4 cxd4 6. cxd4 d6 7. Bb5 Qa5+ 8. Nc3 Nxc3 9. Bxc6+ bxc6 10. Qd2 Ba6 11. bxc3 g6 12. Qc2 Bg7 13. Bf4 0-0 14. Bd2 dxe5 15. c4 Qc7 16. dxe5 Bxe5 17. Rc1 Bg7 18. 0-0 Bc8 19. Rfe1 Bf5 20. Qa4 e5 21. Ba5 Qe7 22. Qxc6 Qa3 23. Qa6 e4 24. Nd2 Rfd8 25. Nb3 Re8 26. Qb5 Rab8 27. Qd5 Qxa2 28. Nd2 Be6 29. Qg5 h6 30. Qc5 Rec8 31. Qxa7 Ra8 0-1

[Event "Mecklenburg VP-ch U18"]
[Site "Malchow"]
[Date "2019.02.05"]
[Round "6.3"]
[White "Lange, Jannis"]
[Black "Wurst, Maximilian1111"]
[Result "1-0"]
[WhiteElo "1984"]
[BlackElo "1723"]
[PlyCount "85"]
[EventDate "2019.02.02"]
[EventType "swiss"]
[EventRounds "7"]
[EventCountry "GER"]
[SourceTitle "EXT 2022"]
[Source "ChessBase"]
[SourceDate "2021.10.06"]
[SourceVersion "1"]
[SourceVersionDate "2021.10.06"]
[SourceQuality "1"]

1. Nf3 Nf6 2. c4 e6 3. g3 b6 4. Bg2 Bb7 5. Nc3 Bb4 6. 0-0 Bxc3 7. bxc3 d6 8. d3 Nbd7 9. e4 0-0 10. h3 Re8 11. Be3 Nf8 12. Qc2 e5 13. Rab1 c6 14. a4 d5 15. c5 dxe4 16. dxe4 N8d7 17. Nd2 Ba6 18. Rfd1 bxc5 19. Nb3 Qe7 20. Na5 Rec8 21. Qd2 Qd8 22. Nb7 Bxb7 23. Rxb7 Rc7 24. Rbb1 Rcc8 25. c4 Kf8 26. Qc3 Qe7 27. Rb7 Qe8 28. Qa3 Qe7 29. Bg5 Rd8 30. a5 a6 31. Bf3 Rab8 32. Rdxd7 Rxb7 33. Rxe7 Kxe7 34. Qxc5+ Rd6 35. Qxe5+ Re6 36. Qc5+ Ke8 37. Bxf6 Rxf6 38. Kg2 Rb3 39. Bd1 Rb1 40. Bc2 Rc1 41. Ba4 Kd7 42. Qd4+ Kc7 43. e5 1-0

[Event "Mecklenburg VP-ch U18"]
[Site "Malchow"]
[Date "2019.02.03"]
[Round "2.1"]
[White "Lange, Jannis"]
[Black "Elsken Sicard, Fabian"]
[Result "1-0"]
[WhiteElo "1984"]
[BlackElo "1469"]
[PlyCount "78"]
[EventDate "2019.02.02"]
[EventType "swiss"]
[EventRounds "7"]
[EventCountry "GER"]
[SourceTitle "EXT 2022"]
[Source "ChessBase"]
[SourceDate "2021.10.06"]
[SourceVersion "1"]
[SourceVersionDate "2021.10.06"]
[SourceQuality "1"]

1. e4 d6 2. d4 Nf6 3. Nc3 g6 4. Bf4 Bg7 5. Qd2 0-0 6. Bh6 c5 7. Bxg7 Kxg7 8. d5 a6 9. a4 Qa5 10. g3 h5 11. h3 b5 12. Bg2 b4 13. Nd1 Ra7 14. Ne3 Qd8 15. Ne2 Nh7 16. 0-0 f5 17. exf5 Bxf5 18. Nxf5+ Rxf5 19. Nf4 Qg8 20. g4 hxg4 21. hxg4 Re5 22. Ne6+ Rxe6 23. dxe6 Qxe6 24. Rfe1 Qxg4 25. Re4 Qg5 26. Qxg5 Nxg5 27. Rg4 Kf6 28. f4 Ne6 29. Be4 Nd7 30. Kf2 g5 31. fxg5+ Nxg5 32. Rf4+ Ke5 33. Rf5+ Kxe4 34. Rxg5 Ne5 35. Rh1 Kf4 36. Rg7 Ng4+ 37. Ke2 Nf6 38. Rf1+ Ke5 39. Rf3 Nh5 1-0

[Event "Mecklenburg VP VL1819"]
[Site "Mecklenburg VP"]
[Date "2018.10.21"]
[Round "1.1"]
[White "Montag, Ralf"]
[Black "Lange, Jannis"]
[Result "0-1"]
[WhiteElo "1948"]
[BlackElo "1840"]
[PlyCount "64"]
[EventDate "2018.10.21"]
[EventType "team-tourn"]
[EventRounds "9"]
[EventCountry "GER"]
[SourceTitle "EXT 2022"]
[Source "ChessBase"]
[SourceDate "2021.10.06"]
[SourceVersion "1"]
[SourceVersionDate "2021.10.06"]
[SourceQuality "1"]
[WhiteTeam "Ludwigslust VT 2000"]
[BlackTeam "Greifswald II"]
[WhiteTeamCountry "GER"]
[BlackTeamCountry "GER"]

1. g3 g6 2. Bg2 Bg7 3. Nc3 c5 4. e4 Nc6 5. d3 Rb8 6. Be3 d6 7. Qd2 b5 8. Nge2 b4 9. Nd1 Nd4 10. 0-0 h5 11. c3 Nxe2+ 12. Qxe2 h4 13. d4 Qa5 14. Qd2 cxd4 15. cxd4 Qh5 16. f3 hxg3 17. hxg3 Qh2+ 18. Kf2 Bh3 19. Rg1 Nf6 20. g4 Bxg2 21. Bf4 Bxf3+ 22. Ke1 Qxd2+ 23. Kxd2 Bxd1 24. Raxd1 Nxe4+ 25. Ke3 Ng5 26. Rg2 b3 27. axb3 Rxb3+ 28. Rd3 Rb4 29. b3 Ne6 30. Ra2 Bxd4+ 31. Kf3 Bb6 32. Rh2 Nd4+ 0-1

[Event "Rostock SSC op 17th"]
[Site "Rostock"]
[Date "2018.07.15"]
[Round "7.14"]
[White "Goldbach, Aaron"]
[Black "Lange, Jannis"]
[Result "1/2-1/2"]
[WhiteElo "1721"]
[BlackElo "1898"]
[PlyCount "68"]
[EventDate "2018.07.11"]
[EventType "swiss"]
[EventRounds "7"]
[EventCountry "GER"]
[SourceTitle "EXT 2019"]
[Source "ChessBase"]
[SourceDate "2018.10.10"]
[SourceVersion "1"]
[SourceVersionDate "2018.10.10"]
[SourceQuality "1"]

1. d4 Nf6 2. Nf3 e6 3. Bf4 c5 4. e3 b6 5. Nbd2 Bb7 6. Bd3 Be7 7. h3 d5 8. c3 Nbd7 9. Ne5 Nxe5 10. Bxe5 Rc8 11. 0-0 c4 12. Bc2 b5 13. e4 dxe4 14. Qe2 Qd5 15. Bxf6 gxf6 16. Bxe4 Qd7 17. f4 Bxe4 18. Nxe4 f5 19. Ng5 h6 20. Qh5 Bf6 21. Nxe6 Ke7 22. Nc5 Bxd4+ 23. cxd4 Qxd4+ 24. Kh1 Rxc5 25. Qh4+ Kf8 26. Rad1 Qxb2 27. Rd8+ Kg7 28. Rxh8 Kxh8 29. Qxh6+ Kg8 30. Rf3 Qg7 31. Qh4 Rc6 32. Re3 Re6 33. Rg3 Rg6 34. Re3 Re6 1/2-1/2